000 02301cam a2200325 a 4500
003 EG-GiCUC
005 20250223031932.0
008 180220s2017 ua f m 000 0 eng d
040 _aEG-GiCUC
_beng
_cEG-GiCUC
041 0 _aeng
049 _aDeposite
097 _aM.A
099 _aCai01.02.12.M.A.2017.Mu.T
100 0 _aMuhamad Kamal Kamel Abdelmageed
245 1 0 _aTowards a reconstruction of philological hermeneutics :
_bA comparative study of friedrich schleiermacher and Nasr Hamid Abuzayd /
_cMuhamad Kamal Kamel Abdelmageed ; Supervised Loubna Abdel Tawab Youssef
246 1 5 _aنحو صياغة جديدة لهرمنيوطيقا فقه اللغة :
_bدراسة مقارنة بين فريدريش شلايرماخر ونصر حامد ابوزيد
260 _aCairo :
_bMuhamad Kamal Kamel Abdelmageed ,
_c2017
300 _a178 P. ;
_c25cm
502 _aThesis (M.A.) - Cairo University -Faculty of Arts - Department of English
520 _aPhilosophical hermeneuticists has taken hermeneutics in an ontological turn that has proven ineffective in critiquing the hermeneutic methodological tradition and appreciating its potential to reinvigorate hermeneutics by anchoring it to application. Through a comparative, pluralist and eclectic reading of selected works by Friedrich Schleiermacher (1768-1834){u2013}a German theologian, philologist and philosopher{u2014}and Nasr Hamid Abu Zayd (1943-2010){u2013}an Egyptian literary scholar and philosopher, the proposed study proposes a reformulation of philological hermeneutics that departs from the rich philological practices of the two hermeneuticists, This is conducted through focusing on three critical tropes: 2linguistic analysis,3 2context,3 and 2dialectic3. Based on this hermeneutic, eclectic reading of Schleiermacher and Abu Zayd{u2019}s texts, the study, accordingly, presents a new, reformulated and intercultural 2hermeneutic circle3 that may rival other established reading practices in its pluralism
530 _aIssued also as CD
653 4 _aCriticism
653 4 _aHermeneutics
653 4 _aPhilology
700 0 _aLoubna Abdel Tawab Youssef ,
_eSupervisor
856 _uhttp://172.23.153.220/th.pdf
905 _aNazla
_eRevisor
905 _aShimaa
_eCataloger
942 _2ddc
_cTH
999 _c65112
_d65112